Ciudades de España sin Vocales - Estadísticas

Estadísticas generales
  • Esta prueba ha sido intentada 48 veces
    23 desde el último reinicio
  • La puntuación promedio es 45 de 53
Estadísticas de respuestas
Hint Respuesta % Correcto
CRÑ A Coruña
94%
BLB Bilbao
94%
CDZ Cádiz
94%
LSPLMSDGRNCNR Las Palmas de Gran Canaria
94%
LG Lugo
94%
MLG Málaga
94%
PMPLN Pamplona
94%
PNTVDR Pontevedra
94%
SLMNC Salamanca
94%
SNSBSTN San Sebastián
94%
SNTNDR Santander
94%
SNTGDCMPSTL Santiago de Compostela
94%
SGV Segovia
94%
SVLL Sevilla
94%
TLD Toledo
94%
VLLDLD Valladolid
94%
ZMR Zamora
94%
ZRGZ Zaragoza
94%
BRGS Burgos
89%
CRDB Córdoba
89%
GRND Granada
89%
GDLJR Guadalajara
89%
HLV Huelva
89%
HSC Huesca
89%
PLM Palma
89%
SNTCRZDTNRF Santa Cruz de Tenerife
89%
VLNC Valencia
89%
BDJZ Badajoz
83%
BRCLN Barcelona
83%
JN Jaén
83%
LGRÑ Logroño
83%
MDRD Madrid
83%
TRRGN Tarragona
83%
LBCT Albacete
78%
LCNT Alicante
78%
CCRS Cáceres
78%
CSTLLN Castellón
78%
CT Ceuta
78%
GRN Girona
78%
MLLL Melilla
78%
PLNC Palencia
78%
TRL Teruel
78%
VTR Vitoria
78%
LMR Almería
72%
CDDRL Ciudad Real
72%
CNC Cuenca
72%
LN León
72%
LLD Lleida
72%
RNS Ourense
67%
VD Oviedo
67%
MRC Murcia
61%
SR Soria
61%
VL Ávila
56%
No se encontraron pruebas coincidentes
Distribución de puntuación
Porcentaje de gente con cada puntuación
Porcentaje por número respondido
Historial de tus puntuaciones
No has intentado esta prueba desde el último reinicio